Т. 50, № 3; Геология рудных месторождений; Формы миграции и накопление химических элементов в гидротермальных флюидах; Оценка времени застывания магматической камеры под Стрельцовской кальдерой и ее влияния на нестационарное распределение температур в верхней части земной коры (Восточное Забайкалье, Россия); Проявление рудоносных гидротермально-метасоматических процессов в районе Эльбрусского вулканического центра (Северный Кавказ, Россия); Минеральные ассоциации титано-циркониевых песков месторождения Центральное (Восточно-Европейская платформа); Неметаллические полезные ископаемые; Промышленные минералы и научно-технический прогресс; К 95-летию со дня рождения академика Николая Алексеевича Шило
| Parent link: | Геология рудных месторождений: научный журнал/ Российская академия наук (РАН). Т. 50, № 3.— , 1959-.— 0016-7770 |
|---|---|
| Lingua: | russo |
| Pubblicazione: |
2008
|
| TOC: | Б. Н. Рыженко, Формы миграции и накопление химических элементов в гидротермальных флюидах; В. И. Мальковский [и др.], Оценка времени застывания магматической камеры под Стрельцовской кальдерой и ее влияния на нестационарное распределение температур в верхней части земной коры (Восточное Забайкалье, Россия); А. Г. Гурбанов [и др.], Проявление рудоносных гидротермально-метасоматических процессов в районе Эльбрусского вулканического центра (Северный Кавказ, Россия); Н. Г. Патык-Кара [и др.], Минеральные ассоциации титано-циркониевых песков месторождения Центральное (Восточно-Европейская платформа); Б. А. Богатырев, Неметаллические полезные ископаемые; В. В. Наседкин, Промышленные минералы и научно-технический прогресс; К 95-летию со дня рождения академика Николая Алексеевича Шило; |
| Natura: | MixedMaterials Libro |
| KOHA link: | https://koha.lib.tpu.ru/cgi-bin/koha/opac-detail.pl?biblionumber=410295 |
MARC
| LEADER | 00000nam2a2200000 4500 | ||
|---|---|---|---|
| 001 | 410295 | ||
| 005 | 20231101071318.0 | ||
| 035 | |a (RuTPU)RU\TPU\prd\64205 | ||
| 035 | |a RU\TPU\prd\58609 | ||
| 090 | |a 410295 | ||
| 100 | |a 20090317a19599999k y0rusy50 ca | ||
| 101 | 0 | |a rus | |
| 102 | |a RU | ||
| 200 | 0 | |a Т. 50, № 3 | |
| 210 | |d 2008 | ||
| 461 | 1 | |0 (RuTPU)RU\TPU\prd\127 |x 0016-7770 |t Геология рудных месторождений |o научный журнал |f Российская академия наук (РАН) |v Т. 50, № 3 |d 1959- | |
| 464 | |t Формы миграции и накопление химических элементов в гидротермальных флюидах |f Б. Н. Рыженко | ||
| 464 | |t Оценка времени застывания магматической камеры под Стрельцовской кальдерой и ее влияния на нестационарное распределение температур в верхней части земной коры (Восточное Забайкалье, Россия) |f В. И. Мальковский [и др.] | ||
| 464 | |t Проявление рудоносных гидротермально-метасоматических процессов в районе Эльбрусского вулканического центра (Северный Кавказ, Россия) |f А. Г. Гурбанов [и др.] | ||
| 464 | |t Минеральные ассоциации титано-циркониевых песков месторождения Центральное (Восточно-Европейская платформа) |f Н. Г. Патык-Кара [и др.] | ||
| 464 | |t Неметаллические полезные ископаемые |f Б. А. Богатырев | ||
| 464 | |t Промышленные минералы и научно-технический прогресс |f В. В. Наседкин | ||
| 464 | |t К 95-летию со дня рождения академика Николая Алексеевича Шило | ||
| 801 | 0 | |a RU |b 63413507 |c 20010227 |g PSBO | |
| 801 | 1 | |a RU |b 63413507 |c 20080722 |g PSBO | |
| 801 | 2 | |a RU |b 63413507 |c 20201215 |g PSBO | |
| 942 | |c BK | ||
| 999 | |a НТБ_ТПУ |b НФ |e -1/20080109 |p П-6557 |s 6/20070907 |u 800,00 |v 1 | ||